[Event "tm FRA 1st"]
[Site "France"]
[Date "1999.??.??"]
[Round "7"]
[White "Solakian, Jerome"]
[Black "Chevrier, Thomas"]
[Result "0-1"]
[WhiteElo "2240"]
[BlackElo "2156"]
[Annotator "Noyon-Auxerre"]
[PlyCount "94"]
[EventDate "1999.??.??"]

1. e4 e5 2. f4 exf4 3. Nf3 h6 4. Nc3 d6 5. d4 g5 6. g3 Bg7 7. Bc4 Bh3 8. gxf4
g4 9. Rg1 gxf3 10. Rxg7 Qh4+ 11. Rg3 Bg2 12. Be3 Nf6 13. e5 Nh5 14. Ne4 Nd7 15.
exd6 f5 16. Qd3 O-O-O 17. dxc7 Kxc7 18. Nc3 Nxg3 19. Nb5+ Kb8 20. hxg3 Qe7 21.
d5 Qb4+ 22. Kf2 Rhe8 23. Bxa7+ Ka8 24. a3 Qe7 25. d6 Qe2+ 26. Qxe2 fxe2 27. Be3
Be4 28. Nc7+ Kb8 29. Nxe8 Rxe8 30. Bb5 Kc8 31. c4 Re6 32. c5 Nf6 33. Bxe2 Bc6
34. Bf3 h5 35. Bxc6 Ng4+ 36. Kg1 Rxe3 37. Bg2 Rxg3 38. Rc1 h4 39. Rc3 Ne3 40.
Kf2 Nd1+ 41. Kf1 Nxc3 42. bxc3 h3 43. d7+ Kxd7 44. Bxb7 h2 45. Kf2 Rg1 46. Ke3
Re1+ 47. Kd4 Re4+ 0-1

[Event "tm FRA 1st"]
[Site "France"]
[Date "1999.??.??"]
[Round "7"]
[White "Nicoara, Malina"]
[Black "Assad, Karine"]
[Result "1-0"]
[WhiteElo "2245"]
[BlackElo "1850"]
[Annotator "Auxerre-Noyon"]
[PlyCount "87"]
[EventDate "1999.??.??"]

1. d4 Nf6 2. c4 e6 3. Nc3 Bb4 4. Qc2 c5 5. dxc5 Bxc5 6. Nf3 Nc6 7. Bg5 b6 8. e3
O-O 9. a3 a5 10. Rd1 Be7 11. Be2 Ne8 12. Bf4 Ba6 13. O-O Rc8 14. e4 d6 15. Qb3
Nb8 16. Nb5 Bxb5 17. Qxb5 Nd7 18. b4 Qc7 19. Rd2 axb4 20. axb4 Qb7 21. e5 Nxe5
22. Nxe5 dxe5 23. Bxe5 Qc6 24. Qxc6 Rxc6 25. b5 Rc8 26. Bd4 Nd6 27. Bxb6 Nxc4
28. Bxc4 Rxc4 29. Rd7 Bg5 30. Bc7 Bf4 31. Bd8 Rc2 32. g3 Be5 33. b6 Rb2 34.
Rfd1 g6 35. f4 Bc3 36. b7 Bb4 37. Kf1 Bc5 38. R1d2 Rb3 39. Ke2 Re3+ 40. Kd1 Rb3
41. Bf6 h6 42. Rc2 Rb5 43. Rxc5 Rxc5 44. Be7 1-0

[Event "tm FRA 1st"]
[Site "France"]
[Date "1999.??.??"]
[Round "7"]
[White "Sokolov, Andrei"]
[Black "Legky, Nikolay"]
[Result "1/2-1/2"]
[WhiteElo "2567"]
[BlackElo "2487"]
[Annotator "Mulhouse-Drancy"]
[PlyCount "21"]
[EventDate "1999.??.??"]

1. e4 e6 2. d4 d5 3. Nd2 c5 4. exd5 exd5 5. Ngf3 Nc6 6. Bb5 Bd6 7. dxc5 Bxc5 8.
O-O Nge7 9. Nb3 Bd6 10. Bg5 O-O 11. Re1 1/2-1/2

[Event "tm FRA 1st"]
[Site "France"]
[Date "1999.??.??"]
[Round "7"]
[White "Komarov, Dimitri"]
[Black "Baklan, Vladimir"]
[Result "1/2-1/2"]
[WhiteElo "2588"]
[BlackElo "2552"]
[Annotator "Drancy-Mulhouse"]
[PlyCount "22"]
[EventDate "1999.??.??"]

1. d4 Nf6 2. Nf3 g6 3. c4 Bg7 4. g3 O-O 5. Bg2 c6 6. Nc3 d6 7. O-O Qa5 8. h3
Be6 9. d5 cxd5 10. Nd4 Bd7 11. cxd5 Na6 1/2-1/2

[Event "tm FRA 1st"]
[Site "France"]
[Date "1999.??.??"]
[Round "7"]
[White "Popovic, Petar"]
[Black "Moracchini, Fabrice"]
[Result "1-0"]
[WhiteElo "2462"]
[BlackElo "2303"]
[Annotator "Mulhouse-Drancy"]
[PlyCount "97"]
[EventDate "1999.??.??"]

1. e4 e6 2. d4 d5 3. Nd2 dxe4 4. Nxe4 Nd7 5. Nf3 Ngf6 6. Nxf6+ Nxf6 7. c3 c5 8.
Be3 Qc7 9. Bb5+ Bd7 10. Bxd7+ Nxd7 11. Qa4 a6 12. dxc5 Bxc5 13. Bxc5 Qxc5 14.
Rd1 Qc7 15. O-O b5 16. Qb4 Nf6 17. Nd4 Nd5 18. Qa3 Qb7 19. Rfe1 O-O-O 20. c4
bxc4 21. Rc1 Nb6 22. Nb3 Rd3 23. Qb4 Rd5 24. Na5 Qb8 25. Nxc4 Nxc4 26. Rxc4+
Kd7 27. Qc3 f6 28. Rc1 Rd8 29. Rd4 Rxd4 30. Qxd4+ Ke7 31. Qg4 Kf7 32. b3 Qd6
33. g3 g6 34. Qc4 Rd7 35. Qc8 Rd8 36. Qb7+ Rd7 37. Qa8 Qd2 38. Rf1 Qxa2 39. Qh8
Qxb3 40. Qxh7+ Ke8 41. Qxg6+ Kd8 42. Qxf6+ Ke8 43. Qh8+ Ke7 44. Qh7+ Ke8 45.
Qh5+ Ke7 46. Rc1 Qb4 47. Qh7+ Kd8 48. Qg8+ Ke7 49. Qg7+ 1-0

[Event "tm FRA 1st"]
[Site "France"]
[Date "1999.??.??"]
[Round "7"]
[White "Roser, Kevin"]
[Black "Buchy, Daniel"]
[Result "1-0"]
[WhiteElo "2319"]
[BlackElo "2197"]
[Annotator "Mulhouse-Drancy"]
[PlyCount "103"]
[EventDate "1999.??.??"]

1. e4 c5 2. Nf3 Nc6 3. d4 cxd4 4. Nxd4 g6 5. c4 Bg7 6. Be3 Nf6 7. Nc3 Ng4 8.
Qxg4 Nxd4 9. Qd1 Ne6 10. Rc1 b6 11. Bd3 Bb7 12. O-O Rc8 13. Qd2 d6 14. f4 O-O
15. f5 Nc5 16. Bb1 Nd7 17. b3 Ne5 18. Nd5 Ng4 19. Bg5 Bxd5 20. exd5 h6 21. Qf4
e5 22. Qxg4 Qxg5 23. Qxg5 hxg5 24. fxg6 fxg6 25. Bxg6 Rxf1+ 26. Rxf1 Rf8 27.
Rxf8+ Kxf8 28. Be4 Ke7 29. Kf2 Kf6 30. Kf3 Bf8 31. Kg4 Bg7 32. Kh5 Bf8 33. g4
a5 34. h3 Bg7 35. h4 gxh4 36. g5+ Kf7 37. Kxh4 Bf8 38. Kg4 Bg7 39. Kf5 Bf8 40.
Bf3 Kg7 41. Bh5 Be7 42. a3 e4 43. b4 e3 44. Ke6 Kf8 45. g6 Bd8 46. Kxd6 Kg7 47.
bxa5 bxa5 48. c5 Kh6 49. Be2 Kxg6 50. c6 Bh4 51. Kd7 Bg3 52. d6 1-0

[Event "tm FRA 1st"]
[Site "France"]
[Date "1999.??.??"]
[Round "7"]
[White "Delebarre, Xavier"]
[Black "Riff, Sebastien"]
[Result "1/2-1/2"]
[WhiteElo "2261"]
[BlackElo "2225"]
[Annotator "Drancy-Mulhouse"]
[PlyCount "43"]
[EventDate "1999.??.??"]

1. h3 d6 2. d4 Nf6 3. Nc3 Nbd7 4. e4 e5 5. Nf3 g6 6. Bg5 Bg7 7. dxe5 dxe5 8.
Qd2 c6 9. O-O-O Qc7 10. Bc4 O-O 11. Qd6 Qa5 12. Rhe1 Re8 13. Bxf6 Bxf6 14. h4
Qc5 15. Qxc5 Nxc5 16. Ng5 Rf8 17. b4 Be6 18. Nxe6 Nxe6 19. g3 Nd4 20. Ne2 Nxe2+
21. Rxe2 Rfd8 22. Red2 1/2-1/2

[Event "tm FRA 1st"]
[Site "France"]
[Date "1999.??.??"]
[Round "7"]
[White "Muller, Anne"]
[Black "Barakoff, Annie"]
[Result "1-0"]
[WhiteElo "2110"]
[BlackElo "1680"]
[Annotator "Mulhouse-Drancy"]
[PlyCount "51"]
[EventDate "1999.??.??"]

1. e4 c5 2. Nf3 e6 3. d4 cxd4 4. Nxd4 a6 5. Bd3 Bc5 6. Nb3 Ba7 7. Nc3 Nc6 8.
Qe2 d6 9. Be3 Nf6 10. O-O b5 11. Bxa7 Rxa7 12. Qe3 Rd7 13. Qg3 O-O 14. f4 Qc7
15. Rae1 Nh5 16. Qh4 Nf6 17. Rf3 e5 18. Ref1 exf4 19. Rxf4 Ne5 20. Rxf6 gxf6
21. Nd5 Qa7+ 22. Kh1 Kg7 23. Qxf6+ Kg8 24. Qg5+ Ng6 25. Nf6+ Kh8 26. Qh6 1-0

[Event "tm FRA 1st"]
[Site "France"]
[Date "1999.??.??"]
[Round "7"]
[White "Belkhodja, Slim"]
[Black "Pinter, Jozsef"]
[Result "1/2-1/2"]
[WhiteElo "2423"]
[BlackElo "2581"]
[Annotator "Caissa-Montpellier"]
[PlyCount "95"]
[EventDate "1999.??.??"]

1. e4 e5 2. Nf3 Nc6 3. Nc3 Nf6 4. Bb5 d6 5. d4 exd4 6. Qxd4 Bd7 7. Bxc6 Bxc6 8.
Bg5 Be7 9. O-O-O h6 10. Bh4 O-O 11. Rhe1 Re8 12. Qc4 Nd7 13. Bxe7 Qxe7 14. Nd4
Qg5+ 15. Kb1 Qc5 16. Qd3 Nf6 17. f3 Bd7 18. g4 Qe5 19. Qd2 Qg5 20. Qg2 g6 21.
h4 Qc5 22. Qd2 Kg7 23. h5 g5 24. Nce2 Qe5 25. Nc1 Rad8 26. Qf2 c5 27. Nde2 Bb5
28. Ng3 b6 29. Nce2 Bxe2 30. Rxe2 Kh7 31. c4 a6 32. Red2 b5 33. Nf5 Re6 34. Qe2
b4 35. Qd3 Nd7 36. Qc2 Nb6 37. Nxd6 Qf4 38. e5+ Kg8 39. Rd3 Rf8 40. Ne4 Qxe5
41. Rd6 Rfe8 42. Rxe6 Rxe6 43. Rd8+ Kg7 44. Qd3 Qh2 45. b3 Qg2 46. Rd6 Qg1+ 47.
Kb2 Qh2+ 48. Kb1 1/2-1/2

[Event "tm FRA 1st"]
[Site "France"]
[Date "1999.??.??"]
[Round "7"]
[White "Flear, Glenn"]
[Black "Spiridonov, Nikola"]
[Result "1-0"]
[WhiteElo "2479"]
[BlackElo "2398"]
[Annotator "Montpellier-Caissa"]
[PlyCount "39"]
[EventDate "1999.??.??"]

1. d4 Nf6 2. c4 g6 3. Nc3 d5 4. Nf3 Bg7 5. Qb3 dxc4 6. Qxc4 O-O 7. Bf4 Na6 8.
e4 c5 9. dxc5 Qa5 10. e5 Nd7 11. a3 Qxc5 12. Qe4 Nb6 13. Rc1 Qa5 14. Nd4 Na4
15. b4 Nxc3 16. Rxc3 Qd8 17. Bxa6 bxa6 18. Qxa8 Qxd4 19. Rxc8 Qa1+ 20. Ke2 1-0

[Event "tm FRA 1st"]
[Site "France"]
[Date "1999.??.??"]
[Round "7"]
[White "De Sousa, Jose-Claude"]
[Black "Prie, Eric"]
[Result "0-1"]
[WhiteElo "2275"]
[BlackElo "2467"]
[Annotator "Caissa-Montpellier"]
[PlyCount "70"]
[EventDate "1999.??.??"]

1. e4 c5 2. Nf3 g6 3. d4 cxd4 4. Nxd4 Nc6 5. c4 Nf6 6. Nc3 d6 7. Be2 Nxd4 8.
Qxd4 Bg7 9. Be3 O-O 10. Qd2 Be6 11. O-O Qa5 12. Rab1 Rfc8 13. b3 Ng4 14. Nd5
Qxd2 15. Bxd2 Bxd5 16. exd5 Nf6 17. Bd3 Nd7 18. Rfe1 Kf8 19. Rbc1 a5 20. Bf1
Rc7 21. g3 Nc5 22. Rb1 Nd7 23. Kg2 Bd4 24. Bg5 Re8 25. Bh6+ Kg8 26. Bf4 Bc5 27.
Kf3 Nf6 28. g4 Kg7 29. g5 Nh5 30. Bc1 e5 31. Be3 b6 32. Bh3 Rf8 33. Kg2 f6 34.
gxf6+ Rxf6 35. Be6 35... Rb7 {suite de partie illisible 0-1 (46)} 0-1

[Event "tm FRA 1st"]
[Site "France"]
[Date "1999.??.??"]
[Round "7"]
[White "Hamdouchi, Hichem"]
[Black "Elbilia, Jacques"]
[Result "1-0"]
[WhiteElo "2564"]
[BlackElo "2360"]
[Annotator "Montpellier-Caissa"]
[PlyCount "71"]
[EventDate "1999.??.??"]

1. e4 c5 2. Nf3 e6 3. d4 cxd4 4. Nxd4 Nf6 5. Nc3 Bb4 6. e5 Nd5 7. Bd2 Bxc3 8.
bxc3 O-O 9. c4 Ne7 10. Bb4 Ng6 11. Bxf8 Qxf8 12. Be2 Nxe5 13. O-O Nbc6 14. Nb5
f5 15. f4 Qc5+ 16. Kh1 Nxc4 17. Bxc4 Qxc4 18. Nd6 Qd4 19. c3 Qxd1 20. Rfxd1 Na5
21. Rac1 a6 22. c4 Kf8 23. c5 Ke7 24. Rc3 g6 25. Ra3 Nc6 26. Rad3 Nb4 27. Nxc8+
Rxc8 28. Rxd7+ Kf6 29. Rxb7 Nd5 30. Rc1 Nxf4 31. c6 h5 32. Rd7 Nd5 33. c7 f4
34. Kg1 g5 35. Rc6 Kf5 36. Rd8 1-0

[Event "tm FRA 1st"]
[Site "France"]
[Date "1999.??.??"]
[Round "7"]
[White "Fontaine, Robert"]
[Black "Fressinet, Laurent"]
[Result "1-0"]
[WhiteElo "2369"]
[BlackElo "2424"]
[Annotator "Caissa-Montpellier"]
[PlyCount "103"]
[EventDate "1999.??.??"]

1. e4 c5 2. Nf3 Nc6 3. d4 cxd4 4. Nxd4 Qc7 5. c4 Nf6 6. Nc3 Nxe4 7. Nxe4 Qe5 8.
Be3 Qxe4 9. Nb5 Qe5 10. Qd2 a6 11. f4 Qb8 12. Nc3 e6 13. O-O-O b5 14. cxb5 axb5
15. Bxb5 Qc7 16. f5 Bb4 17. fxe6 fxe6 18. a3 Na5 19. Kc2 Be7 20. Bf4 Qd8 21.
Rhf1 O-O 22. Bd6 Nb7 23. Bxe7 Qxe7 24. Kb1 Rxf1 25. Rxf1 d5 26. Qe3 Qd6 27. Qf3
Nd8 28. Bd3 Ba6 29. Bxh7+ Kxh7 30. Qh5+ Kg8 31. Qe8+ Kh7 32. Rf3 Qxh2 33. Rh3+
Qxh3 34. gxh3 Bd3+ 35. Ka2 d4 36. Qh5+ Kg8 37. Qf3 Bc4+ 38. b3 Bxb3+ 39. Kxb3
Rb8+ 40. Ka2 dxc3 41. Qxc3 Ra8 42. Qc7 Kf8 43. Kb3 Nf7 44. a4 e5 45. Qc5+ Kg8
46. Qc6 Rb8+ 47. Ka3 Rd8 48. a5 Rd3+ 49. Kb2 Rd2+ 50. Kc1 Ra2 51. a6 e4 52.
Qe8+ 1-0

[Event "tm FRA 1st"]
[Site "France"]
[Date "1999.??.??"]
[Round "7"]
[White "Touzane, Olivier"]
[Black "Lecuyer, Christian"]
[Result "1-0"]
[WhiteElo "2378"]
[BlackElo "2265"]
[Annotator "Montpellier-Caissa"]
[PlyCount "107"]
[EventDate "1999.??.??"]

1. d4 Nf6 2. c4 e6 3. Nc3 Bb4 4. Qc2 O-O 5. a3 Bxc3+ 6. Qxc3 Ne4 7. Qc2 f5 8.
Nf3 d6 9. g3 a5 10. b3 Nd7 11. Bg2 Qe8 12. Bb2 Ndf6 13. Nd2 Bd7 14. Nxe4 fxe4
15. f3 Bc6 16. O-O Qg6 17. Rad1 a4 18. b4 exf3 19. Qxg6 hxg6 20. exf3 Rae8 21.
Rc1 g5 22. b5 Bd7 23. Rfe1 b6 24. Bf1 Bc8 25. Rc3 e5 26. dxe5 Nd7 27. Rce3 Nxe5
28. Bxe5 Rxe5 29. Rxe5 dxe5 30. Rxe5 Bb7 31. Re7 Rf7 32. Rxf7 Kxf7 33. Kf2 Ke6
34. Ke3 Kd6 35. Be2 Kc5 36. Kd3 c6 37. bxc6 Bxc6 38. Kc3 Bd7 39. f4 gxf4 40.
gxf4 Be6 41. h4 Bf5 42. Bd3 Bg4 43. Bf1 Bf3 44. Bh3 Be2 45. Be6 Bf1 46. Bf7 Bh3
47. h5 Bf5 48. Bg6 Be6 49. f5 Bxc4 50. f6 gxf6 51. h6 Bg8 52. h7 Bxh7 53. Bxh7
b5 54. Bd3 1-0

[Event "tm FRA 1st"]
[Site "France"]
[Date "1999.??.??"]
[Round "7"]
[White "Lopez, Jorge"]
[Black "Sarthou, Gaetan"]
[Result "1-0"]
[WhiteElo "2189"]
[BlackElo "2326"]
[Annotator "Caissa-Montpellier"]
[PlyCount "58"]
[EventDate "1999.??.??"]

1. d4 Nf6 2. Nf3 g6 3. c4 Bg7 4. Nc3 d5 5. Bf4 O-O 6. Rc1 c5 7. dxc5 dxc4 8.
Qxd8 Rxd8 9. e4 Na6 10. Bxc4 Nxc5 11. e5 Nh5 12. Be3 Be6 13. Be2 Nd7 14. Ng5
Nxe5 15. Nxe6 fxe6 16. O-O Nd3 17. Bxd3 Rxd3 18. Ne4 Bxb2 19. Rb1 Bd4 20. Bxd4
Rxd4 21. Ng5 b6 22. Rbc1 Rd2 23. Rc7 Rxa2 24. Rxe7 Ng7 25. Rc1 Re8 26. Rb7 h6
27. Ne4 Rf8 28. h4 Rf7 29. Rc8+ Kh7 1-0

[Event "tm FRA 1st"]
[Site "France"]
[Date "1999.??.??"]
[Round "7"]
[White "Chaude de Silans, Chantal"]
[Black "Planchon, Corinne"]
[Result "0-1"]
[WhiteElo "1900"]
[BlackElo "1760"]
[Annotator "Caissa-Montpellier"]
[PlyCount "56"]
[EventDate "1999.??.??"]

1. e4 e6 2. d4 d5 3. e5 c5 4. c3 Nc6 5. Nf3 Bd7 6. Be2 Qb6 7. O-O cxd4 8. cxd4
Nge7 9. Nc3 Nf5 10. Na4 Qa5 11. Nc3 Bb4 12. a3 Be7 13. Bf4 Rc8 14. b4 Qd8 15.
Rc1 O-O 16. Bd3 Ncxd4 17. Nxd4 Nxd4 18. Bxh7+ Kxh7 19. Qxd4 Rc4 20. Qd3+ Kg8
21. Be3 Qc7 22. Ne2 Bb5 23. Qd2 Rc8 24. Bd4 Rc2 25. Rxc2 Qxc2 26. Qxc2 Rxc2 27.
Ng3 Bxf1 28. Nxf1 Ra2 0-1

[Event "tm FRA 1st"]
[Site "France"]
[Date "1999.??.??"]
[Round "7"]
[White "De la Riva Aguado, Oscar"]
[Black "Nataf, Igor-Alexandre"]
[Result "1/2-1/2"]
[WhiteElo "2495"]
[BlackElo "2475"]
[Annotator "Orange-Clichy"]
[PlyCount "28"]
[EventDate "1999.??.??"]

1. e4 c5 2. Nf3 Nc6 3. Bb5 g6 4. c3 Nf6 5. Qe2 Bg7 6. O-O O-O 7. Rd1 d5 8. e5
Ne8 9. d4 cxd4 10. cxd4 Nc7 11. Bxc6 bxc6 12. h3 a5 13. Nc3 a4 14. Re1 Ne6
1/2-1/2

[Event "tm FRA 1st"]
[Site "France"]
[Date "1999.??.??"]
[Round "7"]
[White "Degraeve, Jean-Marc"]
[Black "Santo-Roman, Marc"]
[Result "1/2-1/2"]
[WhiteElo "2536"]
[BlackElo "2381"]
[Annotator "Clichy-Orange"]
[PlyCount "122"]
[EventDate "1999.??.??"]

1. e4 c5 2. Nf3 Nc6 3. d4 cxd4 4. Nxd4 Nf6 5. Nc3 d6 6. Bg5 e6 7. Qd2 a6 8.
O-O-O h6 9. Nxc6 bxc6 10. Bf4 d5 11. Qe3 Qa5 12. a3 Bc5 13. Qe1 Qd8 14. f3 O-O
15. Bd3 Re8 16. e5 Nd7 17. Qg3 Kh8 18. Qh3 Bf8 19. g4 Rb8 20. Qh5 Qe7 21. Na4
c5 22. c4 Bb7 23. Qh3 Bc6 24. Nc3 Nb6 25. Rd2 dxc4 26. Be4 Nd5 27. Qg3 Qb7 28.
Rc2 Nxc3 29. Bxc6 Qxc6 30. Rxc3 Rb3 31. Bd2 Qd5 32. Rd1 Rd8 33. Qe1 Be7 34. Qe2
Bg5 35. Bxg5 Rxc3+ 36. bxc3 Qxd1+ 37. Qxd1 Rxd1+ 38. Kxd1 hxg5 39. Ke2 Kg8 40.
Ke3 Kf8 41. f4 f6 42. exf6 gxf6 43. fxg5 fxg5 44. Ke4 Ke8 45. Ke5 Ke7 46. a4 a5
47. h3 Kf7 48. Kd6 Kf6 49. Kxc5 Ke5 50. Kxc4 Kf4 51. Kb5 e5 52. c4 e4 53. c5 e3
54. c6 e2 55. c7 e1=Q 56. c8=Q Kg3 57. Qc5 Kxh3 58. Qxg5 Qb4+ 59. Ka6 Qxa4 60.
Qxa5 Qxa5+ 61. Kxa5 Kxg4 1/2-1/2

[Event "tm FRA 1st"]
[Site "France"]
[Date "1999.??.??"]
[Round "7"]
[White "Lepelletier, Benoit"]
[Black "Conquest, Stuart"]
[Result "1/2-1/2"]
[WhiteElo "2458"]
[BlackElo "2488"]
[Annotator "Orange-Clichy"]
[PlyCount "73"]
[EventDate "1999.??.??"]

1. e4 c6 2. d4 d5 3. Nd2 dxe4 4. Nxe4 Nd7 5. Bd3 Ngf6 6. Ng5 e6 7. N1f3 Bd6 8.
Qe2 h6 9. Ne4 Nxe4 10. Qxe4 Nf6 11. Qe2 b6 12. Bd2 Bb7 13. O-O-O Qc7 14. Ba6
Bxa6 15. Qxa6 b5 16. Ba5 Qd7 17. Ne5 Bxe5 18. dxe5 Nd5 19. Bb6 O-O 20. Bc5 Rfb8
21. Qa3 a5 22. Rd4 b4 23. Qh3 Rb5 24. Rg4 f5 25. exf6 Nxf6 26. Rd1 Qf7 27. Rc4
e5 28. Qd3 Kh8 29. f3 Nd5 30. a4 bxa3 31. Bxa3 Ne3 32. Rxc6 Rd5 33. Rxh6+ gxh6
34. Qxe3 Rxd1+ 35. Kxd1 Qf4 36. Qxf4 exf4 37. g3 1/2-1/2

[Event "tm FRA 1st"]
[Site "France"]
[Date "1999.??.??"]
[Round "7"]
[White "Hebden, Mark"]
[Black "Guidarelli, Laurent"]
[Result "1-0"]
[WhiteElo "2556"]
[BlackElo "2272"]
[Annotator "Clichy-Orange"]
[PlyCount "119"]
[EventDate "1999.??.??"]

1. d4 Nf6 2. Nf3 g6 3. Nc3 d5 4. Bf4 Bg7 5. e3 O-O 6. Be2 c6 7. h3 Qb6 8. Rb1
Nfd7 9. O-O Na6 10. b4 Qd8 11. e4 dxe4 12. Nxe4 b6 13. d5 c5 14. a3 Nc7 15. Re1
Nf6 16. Nxf6+ Bxf6 17. c4 Bf5 18. Bd3 Bxd3 19. Qxd3 cxb4 20. axb4 b5 21. Bxc7
Qxc7 22. c5 Rfd8 23. Nd2 Qc6 24. dxc6 Rxd3 25. Ne4 Be5 26. Rbd1 Rxd1 27. Rxd1
a5 28. bxa5 Rxa5 29. g3 Ra6 30. Rd8+ Kg7 31. Rc8 b4 32. Nd2 Kf6 33. Nb3 Ke6 34.
f4 Bc3 35. Kf2 Kd5 36. c7 Kc6 37. Re8 Kxc7 38. Rxe7+ Kc6 39. Ke2 Ra3 40. Nc1
Bd4 41. Nd3 b3 42. Rxf7 Kd5 43. Rxh7 Ra2+ 44. Kf3 Rd2 45. Rd7+ Kc4 46. Ne5+
Kxc5 47. Rc7+ Kb4 48. Rb7+ Kc3 49. Kg4 Bxe5 50. fxe5 Rd4+ 51. Kg5 Rb4 52. Rc7+
Rc4 53. Rf7 b2 54. Rf1 Re4 55. Kf6 Re3 56. e6 Rxg3 57. e7 Re3 58. Kf7 Kd4 59.
e8=Q Rf3+ 60. Rxf3 1-0

[Event "tm FRA 1st"]
[Site "France"]
[Date "1999.??.??"]
[Round "7"]
[White "Goldgewicht, Lionel"]
[Black "Apicella, Manuel"]
[Result "1/2-1/2"]
[WhiteElo "2353"]
[BlackElo "2515"]
[Annotator "Orange-Clichy"]
[PlyCount "43"]
[EventDate "1999.??.??"]

1. e4 c5 2. c3 e6 3. d4 d5 4. exd5 exd5 5. Nf3 Nc6 6. Bb5 Bd6 7. O-O c4 8. b3
cxb3 9. axb3 Nge7 10. Bd3 O-O 11. h3 Bf5 12. Ba3 a6 13. Bxd6 Qxd6 14. Bxf5 Nxf5
15. Qd3 Qg6 16. Ne5 Nxe5 17. dxe5 Rae8 18. Qxd5 Nh4 19. Ra4 Rxe5 20. Qxb7 Re7
21. Qd5 Re5 22. Qb7 1/2-1/2

[Event "tm FRA 1st"]
[Site "France"]
[Date "1999.??.??"]
[Round "7"]
[White "Relange, Eloi"]
[Black "Guadalpi, David"]
[Result "1-0"]
[WhiteElo "2478"]
[BlackElo "2279"]
[Annotator "Clichy-Orange"]
[PlyCount "55"]
[EventDate "1999.??.??"]

1. d4 Nf6 2. Nf3 g6 3. c4 Bg7 4. Nc3 O-O 5. e4 d6 6. Be2 e5 7. O-O Nc6 8. d5
Ne7 9. b4 Nh5 10. Re1 Nf4 11. Bf1 a5 12. bxa5 Rxa5 13. a4 c5 14. Ra3 h6 15. Nb5
Ra8 16. Nd2 g5 17. g3 Nh3+ 18. Bxh3 Bxh3 19. g4 Bxg4 20. Qxg4 f5 21. exf5 Nxf5
22. Ne4 Rf7 23. Ng3 Nh4 24. Qe6 Bf8 25. Ne4 Ra6 26. Rg3 Kg7 27. Bxg5 hxg5 28.
Rxg5+ 1-0

[Event "tm FRA 1st"]
[Site "France"]
[Date "1999.??.??"]
[Round "7"]
[White "Brochet, Philippe"]
[Black "Renet, Olivier"]
[Result "1/2-1/2"]
[WhiteElo "2351"]
[BlackElo "2500"]
[Annotator "Orange-Clichy"]
[PlyCount "58"]
[EventDate "1999.??.??"]

1. e4 c5 2. Nf3 e6 3. Nc3 Nc6 4. Bb5 Nge7 5. O-O Nd4 6. Nxd4 cxd4 7. Ne2 a6 8.
Bd3 Nc6 9. c3 Bc5 10. Kh1 d5 11. cxd4 dxe4 12. Bxe4 Nxd4 13. Nxd4 Bxd4 14. Qa4+
Qd7 15. Qxd7+ Bxd7 16. Bxb7 Ra7 17. Bf3 Ke7 18. d3 Rb8 19. Rb1 Rc7 20. Kg1 e5
21. Bg5+ f6 22. Rfc1 Rxc1+ 23. Bxc1 Bb5 24. b3 Bxd3 25. Ba3+ Ke6 26. Rc1 e4 27.
Bg4+ f5 28. Rc6+ Kd5 29. Rd6+ 29... Ke5 {fin de partie illisible nulle (42)}
1/2-1/2

[Event "tm FRA 1st"]
[Site "France"]
[Date "1999.??.??"]
[Round "7"]
[White "Leconte, Maria"]
[Black "Guadalpi, Celine"]
[Result "1-0"]
[WhiteElo "2315"]
[BlackElo "1980"]
[Annotator "Clichy-Orange"]
[PlyCount "80"]
[EventDate "1999.??.??"]

1. e4 e6 2. d4 d5 3. Nc3 Nf6 4. e5 Nfd7 5. Nf3 c5 6. Bb5 Nc6 7. O-O a6 8. Bxc6
bxc6 9. Re1 Bb7 10. Ne2 cxd4 11. Qxd4 Qb6 12. Qf4 Be7 13. Ng3 Qb4 14. Qe3 O-O
15. c3 Qb6 16. Qe2 c5 17. Bg5 Rfe8 18. Rad1 f6 19. exf6 Bxf6 20. Nh5 Qc7 21.
Rd3 Kh8 22. Bxf6 Nxf6 23. Ne5 Ne4 24. f4 c4 25. Rd4 Re7 26. Qg4 Nf6 27. Qh4
Nxh5 28. Qxh5 Kg8 29. Re3 Rf8 30. Rh3 g6 31. Qh4 Rg7 32. Ng4 Qe7 33. Qe1 Bc8
34. Re3 Kh8 35. Ne5 Qf6 36. Nf3 h6 37. Ne5 Kg8 38. Ng4 Kh7 39. Nxf6+ Rxf6 40.
Qh4 g5 1-0

[Event "tm FRA 1st"]
[Site "France"]
[Date "1999.??.??"]
[Round "7"]
[White "Hodgson, Julian"]
[Black "Summerscale, Aaron"]
[Result "1-0"]
[WhiteElo "2556"]
[BlackElo "2440"]
[Annotator "Le Mans-Avignon"]
[PlyCount "189"]
[EventDate "1999.??.??"]

1. c4 e6 2. Nf3 d5 3. d4 c5 4. cxd5 exd5 5. g3 Nc6 6. Bg2 Nf6 7. O-O Be7 8. Nc3
O-O 9. dxc5 Bxc5 10. Bg5 d4 11. Bxf6 Qxf6 12. Nd5 Qd8 13. Nd2 Re8 14. Rc1 Bb6
15. Nc4 Bg4 16. Re1 Ba5 17. Nxa5 Qxa5 18. b4 Nxb4 19. Qxd4 Nxd5 20. Qxg4 Rad8
21. Red1 Nf6 22. Rxd8 Rxd8 23. Qc8 h6 24. Qxb7 Qxa2 25. Bf3 a5 26. Qc7 Re8 27.
Qc3 a4 28. Ra1 Qb3 29. Qa5 Rc8 30. Qxa4 Qb2 31. Kg2 g6 32. Qd1 Kg7 33. Rb1 Qc3
34. Rb6 Qe5 35. Qb3 h5 36. Qb4 Qc5 37. Qb2 Qc3 38. Qxc3 Rxc3 39. Rb7 Rc2 40. h3
Rc8 41. g4 hxg4 42. hxg4 Rc5 43. e3 Re5 44. Kg3 Kf8 45. Kf4 Re7 46. Rb5 Kg7 47.
Ra5 Rc7 48. g5 Nd7 49. Rd5 Nf8 50. Bg4 Re7 51. Rd6 Nh7 52. Bh3 Kg8 53. Bg2 Kg7
54. Bd5 Nf8 55. Ra6 Nh7 56. e4 Kf8 57. Kg4 Kg7 58. Ra8 Nf8 59. f4 Rd7 60. Re8
Kg8 61. Kf3 Kg7 62. Ke3 Nh7 63. Kd4 Rc7 64. Ra8 Re7 65. Kc5 Nf8 66. Kc6 Kg8 67.
e5 Kg7 68. Rc8 Re6+ 69. Bxe6 Nxe6 70. Kd6 Nxf4 71. Rc4 Ne6 72. Rg4 Kf8 73. Kd7
Nc5+ 74. Kc6 Ne6 75. Kd6 Ng7 76. Ra4 Ne6 77. Ra8+ Kg7 78. Ke7 Nf4 79. Rd8 Ne6
80. Rc8 Nf4 81. Rc1 Ne6 82. Rg1 Nd4 83. Rf1 Nc6+ 84. Kd6 Nd8 85. Rf6 Kf8 86. e6
Ke8 87. Rxf7 Nxf7+ 88. exf7+ Kxf7 89. Kd7 Kf8 90. Ke6 Kg7 91. Ke7 Kg8 92. Kf6
Kh7 93. Kf7 Kh8 94. Kxg6 Kg8 95. Kh6 1-0

[Event "tm FRA 1st"]
[Site "France"]
[Date "1999.??.??"]
[Round "7"]
[White "Hinks-Edwards, Thomas"]
[Black "Kozakov, Mikhail"]
[Result "0-1"]
[WhiteElo "2318"]
[BlackElo "2420"]
[Annotator "Avignon-Le Mans"]
[PlyCount "86"]
[EventDate "1999.??.??"]

1. e4 c5 2. Nf3 e6 3. d4 cxd4 4. Nxd4 Nc6 5. Nb5 d6 6. c4 Nf6 7. N1c3 a6 8. Na3
Be7 9. Be2 O-O 10. O-O b6 11. Be3 Bb7 12. Qb3 Nd7 13. Rfd1 Qc7 14. Rac1 Nc5 15.
Qc2 Rac8 16. Qd2 Rfd8 17. Nc2 Bf6 18. f3 a5 19. b3 h6 20. Rb1 Be5 21. Na3 Ne7
22. Nab5 Qb8 23. Bf4 d5 24. Bxe5 Qxe5 25. f4 Qb8 26. cxd5 exd5 27. e5 d4 28.
Nxd4 Nf5 29. Nxf5 Rxd2 30. Rxd2 Ne4 31. Ne7+ Kh7 32. Nxe4 Bxe4 33. Nxc8 Bxb1
34. Nd6 Qc7 35. Bc4 Qc5+ 36. Rf2 f6 37. a4 fxe5 38. fxe5 Qxe5 39. Nf7 Qd4 40.
h3 g5 41. g3 Qe3 42. Kg2 Be4+ 43. Kf1 Bd3+ 0-1

[Event "tm FRA 1st"]
[Site "France"]
[Date "1999.??.??"]
[Round "7"]
[White "Marcelin, Cyril"]
[Black "Salus, Stephane"]
[Result "1-0"]
[WhiteElo "2383"]
[BlackElo "2237"]
[Annotator "Le Mans-Avignon"]
[PlyCount "87"]
[EventDate "1999.??.??"]

1. e4 e6 2. d4 d5 3. Nd2 Nf6 4. e5 Nfd7 5. Bd3 c5 6. c3 Nc6 7. Ne2 Qb6 8. Nf3
f6 9. exf6 Nxf6 10. O-O Bd6 11. Be3 O-O 12. dxc5 Bxc5 13. Bxc5 Qxc5 14. b4 Qd6
15. b5 Ne7 16. Ng3 e5 17. Re1 Ng4 18. h3 Nxf2 19. Kxf2 Qc5+ 20. Kf1 e4 21. Nxe4
dxe4 22. Qb3+ Kh8 23. Bxe4 Nf5 24. Bxf5 Bxf5 25. c4 Bg6 26. Rad1 Rf4 27. Rd5
Qc7 28. Kg1 Be4 29. Re5 Rxf3 30. Qxf3 Qxe5 31. Qxe4 Qc5+ 32. Kh1 h6 33. Qxb7
Rf8 34. Qe4 Rf2 35. a4 Ra2 36. Qe8+ Kh7 37. Qe4+ Kh8 38. Qd3 Qf8 39. Qg6 Re2
40. Rxe2 Qf1+ 41. Kh2 Qxe2 42. Qg4 Qe5+ 43. Qg3 Qc5 44. Qf4 1-0